000 00189nam a22000977a 4500
082 _a823
100 _aARTHY MUTHANNA S
245 _aVINNY'S ADVENTURE
650 _aENGLISH STORY
942 _cBK
999 _c8489
_d8489